<?xml version="1.0" encoding="UTF-8"?>
<record
    xmlns:xsi="http://www.w3.org/2001/XMLSchema-instance"
    xsi:schemaLocation="http://www.loc.gov/MARC21/slim http://www.loc.gov/standards/marcxml/schema/MARC21slim.xsd"
    xmlns="http://www.loc.gov/MARC21/slim">

  <leader>00902nam0a22002771  4500</leader>
  <controlfield tag="001">RU\NLR\A1SV\129796</controlfield>
  <controlfield tag="005">20251203171251.9</controlfield>
  <datafield tag="035" ind1=" " ind2=" ">
    <subfield code="a">(NLR Aleph) 010520561</subfield>
  </datafield>
  <datafield tag="090" ind1=" " ind2=" ">
    <subfield code="a">10212353</subfield>
    <subfield code="c">10212353</subfield>
  </datafield>
  <datafield tag="100" ind1=" " ind2=" ">
    <subfield code="a">20141017d1922    u  y0rusy50      ca</subfield>
  </datafield>
  <datafield tag="101" ind1="0" ind2=" ">
    <subfield code="a">rus</subfield>
  </datafield>
  <datafield tag="102" ind1=" " ind2=" ">
    <subfield code="a">RU</subfield>
  </datafield>
  <datafield tag="200" ind1="1" ind2=" ">
    <subfield code="a">&#x41E;&#x447;&#x435;&#x440;&#x43A;&#x438; &#x43F;&#x43E; &#x438;&#x441;&#x442;&#x43E;&#x440;&#x438;&#x438; &#x41F;&#x435;&#x43D;&#x437;&#x435;&#x43D;&#x441;&#x43A;&#x43E;&#x433;&#x43E; &#x43A;&#x440;&#x430;&#x44F;</subfield>
    <subfield code="e">&#x421; &#x44D;&#x442;&#x43D;&#x43E;&#x433;&#x440;., 2 &#x438;&#x441;&#x442;. &#x43A;&#x430;&#x440;&#x442;. &#x41F;&#x435;&#x43D;&#x437;&#x435;&#x43D;. &#x43A;&#x440;&#x430;&#x44F; &#x438; &#x43F;&#x43B;&#x430;&#x43D;&#x43E;&#x43C; &#x433;. &#x41F;&#x435;&#x43D;&#x437;&#x44B; XVIII &#x432;.</subfield>
    <subfield code="f">&#x410;.&#x425;&#x432;&#x43E;&#x449;&#x435;&#x432;</subfield>
  </datafield>
  <datafield tag="210" ind1=" " ind2=" ">
    <subfield code="a">[&#x41F;&#x435;&#x43D;&#x437;&#x430;]</subfield>
    <subfield code="c">&#x413;&#x43E;&#x441;. &#x438;&#x437;&#x434;-&#x432;&#x43E;. &#x41F;&#x435;&#x43D;&#x437;&#x435;&#x43D;. &#x43E;&#x442;&#x434;-&#x43D;&#x438;&#x435;</subfield>
    <subfield code="d">1922</subfield>
  </datafield>
  <datafield tag="215" ind1=" " ind2=" ">
    <subfield code="a">VIII, 150 &#x441;., 2 &#x43B;. &#x43A;&#x430;&#x440;&#x442;.</subfield>
    <subfield code="d">18 &#x441;&#x43C;</subfield>
  </datafield>
  <datafield tag="320" ind1=" " ind2=" ">
    <subfield code="a">&#x411;&#x438;&#x431;&#x43B;&#x438;&#x43E;&#x433;&#x440;.: &#x441;.3-5</subfield>
  </datafield>
  <datafield tag="620" ind1=" " ind2=" ">
    <subfield code="d">&#x41F;&#x435;&#x43D;&#x437;&#x430;</subfield>
  </datafield>
  <datafield tag="700" ind1=" " ind2="1">
    <subfield code="a">&#x425;&#x432;&#x43E;&#x449;&#x435;&#x432;</subfield>
    <subfield code="b">&#x410;.</subfield>
  </datafield>
  <datafield tag="801" ind1=" " ind2="0">
    <subfield code="a">RU</subfield>
    <subfield code="b">NLR</subfield>
    <subfield code="c">20141017</subfield>
  </datafield>
  <datafield tag="852" ind1=" " ind2=" ">
    <subfield code="a">NLR</subfield>
    <subfield code="j">129/4547</subfield>
  </datafield>
  <datafield tag="852" ind1=" " ind2=" ">
    <subfield code="a">NLR</subfield>
    <subfield code="j">&#x41C;&#x444; &#x41A;1/355</subfield>
  </datafield>
  <datafield tag="899" ind1=" " ind2=" ">
    <subfield code="a">&#x420;&#x413;&#x411;</subfield>
  </datafield>
  <datafield tag="942" ind1=" " ind2=" ">
    <subfield code="c">BOOK</subfield>
  </datafield>
  <datafield tag="980" ind1=" " ind2=" ">
    <subfield code="a">NB</subfield>
  </datafield>
  <datafield tag="980" ind1=" " ind2=" ">
    <subfield code="a">A1SV</subfield>
  </datafield>
  <datafield tag="995" ind1=" " ind2=" ">
    <subfield code="5">2025-04-28</subfield>
    <subfield code="b">NLR01</subfield>
    <subfield code="c">NLR01</subfield>
    <subfield code="e">FM</subfield>
    <subfield code="f">ERR-355632</subfield>
    <subfield code="k">&#x41C;&#x444; &#x41A;1/355</subfield>
    <subfield code="o">0</subfield>
    <subfield code="r">MFILM</subfield>
    <subfield code="s">_1355</subfield>
  </datafield>
</record>
